| 000 | 00765nam a2200193 a 4500 | ||
|---|---|---|---|
| 008 | 191127s2016 ||||||||||||||||| || u | ||
| 020 | _a9780323340380 | ||
| 050 | _aRD 598 Top | ||
| 100 | _aTeirstein, Paul S | ||
| 245 | 1 | 0 |
_aTextbook of interventional cardiology (7th edition) _cBy Eric J. Topol ; Paul S. Teirstein |
| 250 | _a7th edition | ||
| 260 |
_aPhiladelphia _bElsevier _c2016 |
||
| 300 | _axvii, 1081 pages : illustrations | ||
| 350 | _a130.00 | ||
| 650 | 0 | _aCORONARY HEART DISEASE--SURGERY | |
| 650 | 3 | _aCARDIOVASCULAR DISEASES--THERAPY | |
| 700 | _aTopol, Eric J | ||
| 995 |
_aMEDICAL LIBRARY OPEN ACCESS _e904528 _FCBU-SCHOOL OF MEDICINE LIBRARY (Ndola) _I130.00 _jRD 598 Top _M1 _UAVAILABLE _WDec 13, 2019 _y904528 _ZMedical Library Open Access Collection |
||
| 999 |
_c32882 _d32882 |
||